Land reforms and farm diversity / (Record no. 66984)

MARC details
000 -LEADER
fixed length control field 00435nam a22001457a 4500
005 - DATE AND TIME OF LATEST TRANSACTION
control field 20180722115649.0
020 ## - INTERNATIONAL STANDARD BOOK NUMBER
International Standard Book Number 8176488380
Terms of availability 895.00
035 ## - SYSTEM CONTROL NUMBER
System control number B-158907, B-158903
037 ## - SOURCE OF ACQUISITION
Stock number DPL
Source of stock number/acquisition ENG
100 ## - MAIN ENTRY--PERSONAL NAME
Personal name Singh, Sita Ram
245 ## - TITLE STATEMENT
Title Land reforms and farm diversity /
Statement of responsibility, etc by Sita Ram Singh
260 ## - PUBLICATION, DISTRIBUTION, ETC. (IMPRINT)
Place of publication, distribution, etc New Delhi
Name of publisher, distributor, etc APH Publishing Corporation
Date of publication, distribution, etc 2005
300 ## - PHYSICAL DESCRIPTION
Extent v, 366p.
Dimensions 20 cms.
942 ## - ADDED ENTRY ELEMENTS (KOHA)
Source of classification or shelving scheme Dewey Decimal Classification
Item type English Books
Classification part 333.3154
Call number suffix SIT
Holdings
Withdrawn status Lost status Not for loan Collection code Home library Current library Date acquired Cost, normal purchase price Full call number Barcode Cost, replacement price Koha item type Source of acquisition
      Non-fiction Patel Nagar Patel Nagar 22/07/2018 895.00 333.3154 SIT B-158903 895.00 English Books BPPD/Pub
      Non-fiction Sarojini Nagar Sarojini Nagar 21/05/2012 895.00 333.3154 SIT B-158907 895.00 English Books  

© Delhi Public Library
Hit Counter
free hit counter